| 000 | 01529nam a22002657a 4500 | ||
|---|---|---|---|
| 005 | 20091119101749.0 | ||
| 008 | 091119t xxu||||| |||| 00| 0 hin d | ||
| 010 | _aHIN-88607 | ||
| 020 |
_a9788179171271 _c275.00 |
||
| 035 | _aHN-60953 | ||
| 037 | _bDBAD / PUB | ||
| 040 |
_aDPL _bHN |
||
| 082 | _a320.533 | ||
| 100 | _aबूर्दरों, रोजे | ||
| 245 |
_aफासीवादः सिद्धांत और व्यवहार / _cरोजे बुर्दरों; लाल बहादुर वर्मा द्वारा अनुदित |
||
| 246 |
_aFasiwad: Sidhant aur vyavahar / _b Ed.by Roje Burdaron; Lal Bahadur Verma |
||
| 260 |
_aदिल्ली _bग्रंथ शिल्पी _c2009 |
||
| 270 |
_aसरस्वती कॉमप्लेक्स, सुभाष चौक, लक्ष्मी नगर _bदिल्ली _e110092 |
||
| 300 |
_a139पृ _c22सेमी (सजिल्द) |
||
| 650 | _aफासीवाद | ||
| 650 | _aFascism | ||
| 700 | _aवर्मा, लाल बहादुर | ||
| 942 |
_2ddc _cHN _h320.533 _mबूर्दरों |
||
| 999 |
_c31926 _d31926 |
||